[Event "13th Agzamov Memorial 2019"]
[Site "Tashkent"]
[Date "2019.03.14"]
[Round "4.6"]
[White "Danielyan, Vahe"]
[Black "Vokhidov, Shamsiddin"]
[Result "0-1"]
[WhiteElo "2246"]
[BlackElo "2494"]
[Annotator "TA"]
[PlyCount "67"]
[EventDate "2019.03.12"]
[EventType "swiss"]
[EventCountry "UZB"]
[SourceTitle "playchess.com"]
[Source "ChessBase"]
[SourceQuality "1"]

{[%evp 18,67,4,4,4,4,36,4,12,14,12,11,21,10,18,0,39,55,52,48,42,37,53,53,41,31,49,8,2,0,0,0,0,0,0,0,-5,-14,-2,-18,-16,-21,-18,-68,-81,-119,-132,-187,-124,-162,-167,-181]} 1. e4 e5 2. Nf3 Nc6 3. Bb5 Nf6 4. O-O Nxe4 5. Re1 Nd6 6. Nxe5 Nxe5 7. Rxe5+ Be7 8. Bd3 O-O 9. Nc3 Bf6 10. Re3 Bg5 {C67: Ruy Lopez: Berlin Defence: 4 0-0 Nxe4} 11. Re1 Ne8 $146 ({Predecessor:} 11... b6 12. b3 Bb7 13. Ba3 c5 14. Bb2 f5 15. Be2 Bf6 16. Na4 Bxb2 17. Nxb2 Qf6 18. Nc4 {0-1 (60) Looshnikov,N (2425)-Lysyj,I (2618) Cheliabinsk 2017}) 12. Ne4 Bh6 {The position is equal.} 13. b3 d5 14. Ng3 Nd6 15. c4 dxc4 16. bxc4 Nb5 17. Bxh7+ Kxh7 18. Qc2+ Kg8 {[#] Threatens to win with ...Nd4.} 19. cxb5 Be6 20. d3 {Black must now prevent Bxh6.} Bxc1 21. Rexc1 Rc8 {[%cal Ba8c8,Bc8c6,Bc6e6][%mdl 32]} 22. Ne4 c6 23. bxc6 Rxc6 24. Qe2 Qd4 25. Qe3 Rfc8 {...Qxe3 is the strong threat.} 26. Rf1 (26. Qxd4 $2 {gets mated.} Rxc1+ 27. Rxc1 Rxc1#) 26... Rd8 27. Qf3 Bd5 28. Rfe1 Re6 29. h3 Bc6 30. Rad1 Qd5 31. h4 Qxa2 32. Qg3 {[#]} (32. Qh5 $17 {was worth a try.}) 32... Rde8 ({Black should try} 32... a5 $1 $19 33. Ng5 Rxe1+ 34. Rxe1 a4) 33. f3 Qd5 34. Kh2 {Accuracy: White = 44%, Black = 56%.} 0-1

[Event "13th Agzamov Memorial 2019"]
[Site "Tashkent"]
[Date "2019.03.14"]
[Round "4.8"]
[White "Kotanjian, Tigran"]
[Black "Turaev, Hairilla"]
[Result "0-1"]
[WhiteElo "2482"]
[BlackElo "2316"]
[Annotator "ChessBase"]
[PlyCount "50"]
[EventDate "2019.03.12"]
[EventType "swiss"]
[EventCountry "UZB"]
[SourceTitle "playchess.com"]
[Source "ChessBase"]
[SourceQuality "1"]
[TimeControl "5400+30"]

1. d4 {[%emt 0:00:00]} Nf6 {[%emt 0:00:03]} 2. c4 {[%emt 0:00:00]} e6 {[%emt 0:00:59]} 3. Nc3 {[%emt 0:00:00]} d5 {[%emt 0:00:18]} 4. cxd5 {[%emt 0:00:00]} exd5 {[%emt 0:00:27]} 5. Bg5 {[%emt 0:00:08]} Nbd7 {[%emt 0:00:22]} 6. e3 {[%emt 0:00:08]} Be7 {[%emt 0:00:29]} 7. Nf3 {[%emt 0:00:14]} c6 {[%emt 0:00:26]} 8. Bd3 {[%emt 0:00:09]} Ne4 {[%emt 0:02:01]} 9. Bf4 {[%emt 0:12:18]} f5 {[%emt 0:03:29]} 10. O-O {[%emt 0:02:28]} O-O {[%emt 0:00:11]} 11. Qc2 {[%emt 0:00:53]} g5 {[%emt 0:01:20]} 12. Be5 {[%emt 0:00:22]} g4 {[%emt 0:00:26]} 13. Ne1 {[%emt 0:03:52]} Nxe5 {[%emt 0:01:34]} 14. dxe5 {[%emt 0:00:05]} Bg5 {[%emt 0:00:25]} 15. Nd1 {[%emt 0:05:44]} Bh6 {[%emt 0:02:32]} 16. f3 {[%emt 0:06:37]} gxf3 {[%emt 0:01:57]} 17. gxf3 {[%emt 0:00:11]} Kh8 {[%emt 0:12:24]} 18. fxe4 {[%emt 0:01:03]} Rg8+ {[%emt 0:00:17]} 19. Ng2 {[%emt 0:07:34]} fxe4 {[%emt 0:01:40]} 20. Be2 {[%emt 0:00:30]} Bh3 {[%emt 0:01:06]} 21. Rf2 {[%emt 0:04:09]} Bxg2 {[%emt 0:00:20]} 22. Rxg2 {[%emt 0:05:17]} Rxg2+ {[%emt 0:01:35]} 23. Kxg2 {[%emt 0:00:04]} Qg5+ {[%emt 0:00:14]} 24. Kf1 {[%emt 0:00:07]} Qh4 {[%emt 0:03:56]} 25. h3 {[%emt 0:01:36]} Qg3 {[%emt 0:00:56]} 0-1

[Event "13th Agzamov Memorial 2019"]
[Site "Tashkent"]
[Date "2019.03.14"]
[Round "4.9"]
[White "Kurbonboeva, Sarvinoz"]
[Black "Nigmatov, Ortik"]
[Result "1-0"]
[WhiteElo "2273"]
[BlackElo "2478"]
[Annotator "TA"]
[PlyCount "39"]
[EventDate "2019.03.12"]
[EventType "swiss"]
[EventCountry "UZB"]
[SourceTitle "playchess.com"]
[Source "ChessBase"]
[SourceQuality "1"]

{[%evp 10,39,36,18,31,23,40,46,63,76,108,69,68,67,72,11,56,26,22,34,47,35,45,36,37,43,127,127,136,127,170,155]} 1. d4 Nf6 2. c4 b6 3. Nc3 Bb7 4. Qc2 d5 5. cxd5 Nxd5 6. Nf3 Nxc3 {A50: Queen's Fianchetto Defence (1 d4 Nf6 2 c4 b6)} 7. bxc3 Nd7 8. e4 e5 {White is slightly better.} 9. Bc4 {[#] And now Ng5 would win.} Bd6 10. O-O {aiming for Ng5.} (10. Ng5 O-O 11. O-O Be7 12. f4 Bxg5 13. fxg5 Qe7 14. Bd3 exd4 15. cxd4 {½-½ (38) Le,Q (2737)-Iturrizaga Bonelli,E (2650) chess.com INT 2018}) 10... Qe7 $146 ({Predecessor:} 10... O-O 11. Bg5 Qe8 12. Rfe1 Kh8 13. Rad1 f6 14. Bc1 {0-1 (47) Kalinowska,Z (2044)-Bugalski,M (2263) Olomouc 2018}) 11. Re1 h6 12. Qa4 ({White should try} 12. g3 $16) 12... c6 13. Qb3 O-O 14. a4 Rad8 15. Bb2 a6 16. g3 Qf6 17. Nh4 c5 {[#]} (17... Rfe8 $14) 18. d5 $1 $16 g6 19. Bf1 Qg7 20. Bh3 {Accuracy: White = 59%, Black = 26%.} 1-0

[Event "13th Agzamov Memorial 2019"]
[Site "Tashkent"]
[Date "2019.03.14"]
[Round "4.10"]
[White "Khoroshev, Nikita"]
[Black "Karimov, Alisher"]
[Result "0-1"]
[WhiteElo "2410"]
[BlackElo "2263"]
[Annotator "TA"]
[PlyCount "56"]
[EventDate "2019.03.12"]
[EventType "swiss"]
[EventCountry "UZB"]
[SourceTitle "playchess.com"]
[Source "ChessBase"]
[SourceQuality "1"]

{[%evp 9,56,-29,-24,-12,6,-22,-12,-36,-27,-53,-45,-54,-75,-77,-69,-58,-66,-57,-51,-50,-68,-60,-31,-55,-39,-80,-53,-75,-84,-81,-74,-96,-59,-90,-90,-81,-78,-479,-470,-470,-418,-459,-439,-377,-400,-591,-592,-592,-566]} 1. Nf3 d5 2. Nc3 Nf6 3. e3 Nbd7 (3... g6 4. d4 Bg7 5. Bd3 O-O 6. O-O c5 7. dxc5 Nbd7 8. Na4 Qa5 9. c4 dxc4 10. Bd2 Qa6 11. Be2 b5 12. Nc3 Nxc5 {0-1 (39) Ponkratov,P (2607)-Huzman,A (2557) Tallinn 2016}) 4. d4 e6 5. Bd3 c5 6. O-O {A06: Réti Opening:1 Nf3 d5} a6 7. a3 $146 ({Predecessor:} 7. a4 b6 8. b3 Bb7 9. Bb2 Rc8 10. Nd2 cxd4 11. exd4 Bb4 12. Ne2 O-O {0-1 (46) Kabera,G (1909)-Gateri,M (2064) Tromsoe 2014}) 7... Qc7 8. Re1 {The position is equal.} Bd6 9. h3 O-O 10. e4 {[#] Black must now prevent e5.} cxd4 11. Nxd4 Bh2+ 12. Kh1 {And now g3 would win.} Be5 13. Bf1 dxe4 14. Nxe4 Nxe4 15. Rxe4 Nf6 16. Re3 Nd5 {[%cal Bf6d5,Bd5b6,Bb6c4][%mdl 32]} 17. Rd3 b5 $36 {[%mdl 2048] Black is pushing.} 18. g3 Bb7 19. Bg2 Nb6 20. Nf3 Nc4 21. Rd7 Rad8 22. Nxe5 Nxe5 23. Rxc7 $4 {[%mdl 8192]} (23. Rxd8 $17 {nothing else works.} Bxg2+ 24. Kxg2 Rxd8 25. Qe2) 23... Rxd1+ $19 24. Kh2 {[#]} Nf3+ $1 25. Bxf3 Bxf3 {[%csl Gf3][%cal Rd1h1]} 26. g4 f5 27. b3 (27. Rc3 $142 fxg4 28. hxg4) 27... Rh1+ 28. Kg3 {Strongly threatening Bb2.} fxg4 {Accuracy: White = 31%, Black = 58%.} 0-1

[Event "13th Agzamov Memorial 2019"]
[Site "Tashkent"]
[Date "2019.03.14"]
[Round "4.11"]
[White "Sitnikov, Anton"]
[Black "Vul, Arkadi Eremeevich"]
[Result "1-0"]
[WhiteElo "2409"]
[BlackElo "2253"]
[Annotator "TA"]
[PlyCount "33"]
[EventDate "2019.03.12"]
[EventType "swiss"]
[EventCountry "UZB"]
[SourceTitle "playchess.com"]
[Source "ChessBase"]
[SourceQuality "1"]

{[%evp 9,33,13,58,53,57,39,52,51,42,51,58,60,83,75,143,85,183,177,183,155,277,268,339,356,353,353]} 1. e4 e5 2. Nf3 Nc6 3. d4 exd4 4. Nxd4 Qf6 5. Nf3 Qg6 (5... Bb4+ 6. c3 Bc5 7. Be2 d6 8. O-O Nge7 9. b4 Bb6 10. Bg5 Qg6 11. Bh4 Qh6 12. Nbd2 Ng6 13. Bg3 {½-½ (41) Giri,A (2773)-Andreikin,D (2736) Wijk aan Zee 2017}) 6. Nc3 {C45: Scotch Game} Bb4 7. Bd3 $146 ({Predecessor:} 7. Bd2 d6 8. Bd3 Bg4 9. Nd5 Bxd2+ 10. Qxd2 O-O-O 11. O-O-O Qh6 12. Ne3 Be6 13. Kb1 {0-1 (38) Mallahi,A (2370)-Khamdamov,S (2140) Teheran 1998}) 7... d6 8. O-O {[#] Threatens to win with Nb5.White is slightly better.} Bxc3 $1 9. bxc3 {aiming for e5.} Bg4 10. e5 Qh5 11. exd6 cxd6 ({Better is} 11... O-O-O) 12. Be4 (12. Be2 $142) 12... O-O-O (12... d5 $16 {was worth a try.} 13. Qxd5 (13. Bxd5 O-O-O $14) 13... Qxd5 14. Bxd5 Nge7) 13. h3 $36 {[%mdl 2048] White has strong initiative.} Bd7 14. Qxd6 Be8 (14... Bf5 $16 {is a better defense.} 15. Qc5 Nge7) 15. Qg3 f5 16. Bxc6 Bxc6 17. Ne5 {Accuracy: White = 77%, Black = 41%.} ({But not} 17. Qxg7 Qg6 $18) 1-0

[Event "13th Agzamov Memorial 2019"]
[Site "Tashkent"]
[Date "2019.03.14"]
[Round "4.12"]
[White "Karimov, Ibragim"]
[Black "Barsov, Alexei"]
[Result "1/2-1/2"]
[WhiteElo "2242"]
[BlackElo "2380"]
[Annotator "TA"]
[PlyCount "38"]
[EventDate "2019.03.12"]
[EventType "swiss"]
[EventCountry "UZB"]
[SourceTitle "playchess.com"]
[Source "ChessBase"]
[SourceQuality "1"]

{[%evp 19,38,-3,0,-32,-8,-21,-22,-20,-5,-25,-24,-22,-12,-51,-47,-33,-41,-52,-56,-56,-45]} 1. Nf3 d5 2. d4 Nf6 3. g3 Bf5 4. Bg2 e6 5. O-O Nbd7 6. c4 c6 7. Nbd2 h6 8. b3 {[%cal Bb2b3,Bb3b4][%mdl 32]} Be7 9. Bb2 O-O 10. a3 a5 {LiveBook: 17 Games} 11. c5 {D11: Slav Defence: 3 Nf3 sidelines and 3...Nf6 4 e3 Bg4} (11. Ne1 Qb6 12. Nd3 Rfd8 13. Rc1 Ne4 14. Nf3 Qa6 15. a4 Bf6 16. Ba3 dxc4 17. bxc4 c5 18. e3 Rac8 {0-1 (42) Indjic,A (2542)-Ragger,M (2639) Warsaw 2014}) 11... Ne4 12. b4 b6 $146 ({Predecessor:} 12... Bf6 13. Nb3 axb4 14. axb4 Qc7 15. Qc1 Rfe8 16. Qf4 Qxf4 17. gxf4 Reb8 {1-0 (41) Longa Yauca,J (2318)-Salgado Lopez,O (2158) Madrid 2005}) 13. Nxe4 {The position is equal.} Bxe4 14. Qd2 Qc7 15. Bc3 Bf6 16. Ne1 axb4 {Black is slightly better.} 17. axb4 Rxa1 18. Bxa1 Bxg2 19. Nxg2 Ra8 1/2-1/2

[Event "13th Agzamov Memorial 2019"]
[Site "Tashkent"]
[Date "2019.03.15"]
[Round "5.1"]
[White "Vokhidov, Shamsiddin"]
[Black "Pourramezanali, Amirreza"]
[Result "1-0"]
[WhiteElo "2494"]
[BlackElo "2519"]
[Annotator "TA"]
[PlyCount "134"]
[EventDate "2019.03.12"]
[EventType "swiss"]
[EventCountry "UZB"]
[SourceTitle "playchess.com"]
[Source "ChessBase"]
[SourceQuality "1"]

{[%evp 17,134,33,32,0,0,0,0,0,0,0,0,0,50,0,50,52,86,64,59,60,113,55,57,74,121,108,87,-116,-95,-202,-210,-226,-218,-211,-211,-198,-182,-309,-287,-302,-297,-233,-58,-70,-6,-9,-6,-7,-6,-7,-7,-5,0,0,0,0,0,0,73,58,74,74,74,74,74,74,148,146,130,132,143,143,145,130,99,52,191,168,170,159,263,246,310,279,369,362,362,362,362,362,362,362,362,362,407,407,407,398,445,445,2855,530,786,762,1484,848,774,747,29951,29937,6737,5123,29972,29972,29980,29981,29986,29987,29991]} 1. e4 e6 2. d4 d5 3. Nc3 Bb4 4. e5 c5 5. a3 Bxc3+ 6. bxc3 Ne7 7. Qg4 Qc7 8. Qxg7 Rg8 9. Qxh7 cxd4 10. Rb1 {C18: French: 3 Nc3 Bb4: Main line: 7 h4 and 7 Qg4} (10. Ne2 Nbc6 11. f4 dxc3 12. Nxc3 Nd4 13. Bb2 Bd7 14. O-O-O Qb6 15. Qd3 Ndf5 16. Rd2 Rc8 17. g3 Ne3 18. Ne4 Rxc2+ 19. Rxc2 dxe4 20. Qxe4 Nxc2 21. Qxc2 {½-½ (31) Giri,A (2752)-Carlsen,M (2834) Wijk aan Zee 2018}) 10... Qxe5+ 11. Ne2 dxc3 12. Bf4 {The position is equal.} Qf6 13. h4 $1 Nbc6 14. Bg5 Qe5 15. Rh3 {[%mdl 1024] White has compensation.} (15. f4 $5 {[%cal Rf4e5]} Qd6 16. Nxc3 $14) 15... d4 $146 (15... Rh8 $5 {[%cal Rh8h7]} 16. Qd3 d4 $11) ({Predecessor:} 15... Rh8 16. Qd3 d4 17. f4 Qg7 18. Bxe7 Kxe7 {0-1 (56) Kesseler,H (1993)-Heinert,E (2112) Solingen 2016}) 16. Rf3 f5 17. Qh5+ $1 Ng6 $1 18. Rd3 b6 (18... Qg7 $1 $14) 19. g3 (19. Qh7 $16 Qh8 20. Qxh8 Nxh8 21. Nxd4 Nxd4 22. Rxd4) 19... Kf7 $1 $14 {...Ba6 is the strong threat.} 20. Bg2 Rh8 21. Qf3 $1 {[%cal Rf3c6]} Bd7 22. Kf1 $2 (22. h5 $16 Nf8 23. h6) 22... Qc5 $1 $17 {And now ...Nge5 would win.} 23. Nf4 (23. Nc1 $17 {was called for.}) 23... Nce5 $1 $19 {[%cal Re5f3]} 24. Qb7 Rhb8 25. Qa6 Nxf4 (25... Nxd3 26. Nxd3 Qc8 27. Qxc8 $11) 26. Bxf4 Nxd3 27. Qxd3 (27. Bxb8 {was forced.} Rxb8 28. Qxd3) 27... e5 28. Bxa8 Rxa8 29. Qf3 Rh8 $2 ({Black should play} 29... Re8 $1 $19 30. Qh5+ Ke7 31. Bg5+ Kd6 32. Qg6+ Kc7) 30. Qb7 $1 $15 {[%cal Rb7d7]} Ke6 ({Black should try} 30... Qc6 $1 $15 31. Qxc6 Bxc6 32. Bxe5 {[%mdl 64] Double Attack} Rd8) 31. Re1 $1 $11 {[%cal Re1e5]} e4 {Hoping for ...Qc6.} 32. Qxa7 Qc6 {Threatens to win with ...Ra8.} 33. Rb1 $132 {[%mdl 2048] White has counterplay} Ra8 34. Qxb6 Qxb6 35. Rxb6+ {[%mdl 4096] Endgame KRB-KRB} Kf7 36. Be5 d3 37. cxd3 c2 (37... Rc8 $11 38. dxe4 c2) 38. Bb2 $1 $16 Rc8 {[#]} 39. Bc1 $1 exd3 40. Ke1 f4 41. Rb7 (41. gxf4 $2 Rg8 $19) (41. Bxf4 Bf5 $15) 41... Ke8 (41... Ke6 $142) 42. Kd2 ({Don't play} 42. gxf4 $6 Rc4 $16) ({Of course not} 42. Bxf4 $6 c1=Q+ 43. Bxc1 Rxc1+ 44. Kd2 Rc2+ 45. Kxd3 Rxf2 $11) 42... fxg3 43. fxg3 Bf5 44. Rb5 Bh7 45. g4 Kf8 46. Rb7 Be4 (46... Kg8 $1 $14) 47. Rb4 $18 Re8 48. h5 Kg8 (48... Bh7 $16 {keeps fighting.} 49. Rf4+ Kg8) 49. Rd4 Bh7 50. g5 {Black must now prevent g6.} Re2+ 51. Kc3 Re1 52. Kb2 Bf5 53. Rd5 Be4 54. Rd8+ Kg7 55. Rd7+ Kf8 56. g6 Ke8 57. Rd4 Bf5 58. Rd5 Rf1 (58... d2 $142 59. Rxd2 (59. Bxd2 Rb1+ 60. Kc3 c1=Q+ 61. Bxc1 Rxc1+ 62. Kd2 Rc2+ 63. Ke3 Be6 $16) 59... Re7) 59. a4 (59. Re5+ $142 Kd7 {[#]} 60. Rxf5 $1 {[%mdl 576] Promotion} Rxf5 61. g7) 59... Ke7 60. a5 Ke6 61. Rd8 d2 62. Rxd2 Rh1 63. g7 Bh7 {[#]} 64. h6 $1 Rh5 (64... Rxh6 65. Re2+) 65. Rd8 {White mates.} Rb5+ 66. Kc3 Rxa5 67. Rh8 Kd5 {Accuracy: White = 60%, Black = 38%.} 1-0

[Event "13th Agzamov Memorial 2019"]
[Site "Tashkent"]
[Date "2019.03.15"]
[Round "5.2"]
[White "Fier, Alexandr"]
[Black "Yakubboev, Nodirbek"]
[Result "1-0"]
[WhiteElo "2551"]
[BlackElo "2569"]
[Annotator "TA"]
[PlyCount "100"]
[EventDate "2019.03.12"]
[EventType "swiss"]
[EventCountry "UZB"]
[SourceTitle "playchess.com"]
[Source "ChessBase"]
[SourceQuality "1"]

{[%evp 9,100,59,65,57,68,64,67,36,52,50,42,41,110,87,77,66,97,28,26,36,68,68,70,75,72,66,101,93,107,64,164,167,162,158,167,160,194,165,315,291,314,262,337,274,283,268,275,263,434,292,562,304,292,284,260,260,260,260,260,260,260,245,457,441,616,569,724,703,1336,1343,1382,1322,1257,1185,1228,1223,5937,29964,29962,3384,5206,926,29966,29971,29971,29972,29971,29972,29971,29971,29969,29969,29960]} 1. Nf3 d5 2. c4 d4 3. b4 Bg4 4. Qb3 g6 (4... Nf6 5. g3 a5 6. b5 a4 7. Qd3 c5 8. Bg2 Nbd7 9. h3 Bh5 10. Qc2 e5 11. Nh4 Ra7 {0-1 (54) Howell,D (2696)-Adams,M (2703) London 2018}) 5. Nxd4 $146 ({Predecessor:} 5. Ne5 Be6 6. Bb2 Bg7 7. Nf3 Bf5 8. g3 e5 9. d3 Ne7 10. Bg2 c6 11. O-O O-O {1-0 (52) Wang,T (2331)-Daggupati,B (2268) Charlotte 2018}) 5... Bg7 ({Not} 5... Qxd4 $2 6. Bb2 $18) 6. e3 {A09: Réti Opening: 1 Nf3 d5 2 c4} Bxd4 7. exd4 Qxd4 8. Qc3 $1 {[%cal Rc3d4] White is slightly better.} Qxc3 9. Nxc3 Nc6 {[%cal Bb8c6,Bc6d4,Bd4c2,Bc2e3][%mdl 32]} 10. f3 Bd7 (10... Be6 $14) 11. b5 Nd4 {Black wants to play ...Nc2+.} 12. Kf2 $36 {[%mdl 2048] White has good play.} O-O-O 13. Ne2 (13. Bb2 $16) 13... Nc2 $1 $11 {[%cal Rc2a1]} 14. Rb1 $1 e5 15. Bb2 f6 16. d4 exd4 17. Rd1 Ne3 18. Rxd4 Re8 19. Ng3 h5 (19... Nxf1 $14 20. Rxf1 h5) 20. Be2 $1 $18 Nf5 21. Rd2 Nxg3 22. hxg3 Rh6 23. c5 f5 (23... Rxe2+ $142 24. Kxe2 (24. Rxe2 Bxb5 25. Rd2 Rh7 $18) 24... Bxb5+ 25. Kf2 Rh7) 24. Bc4 g5 25. a4 g4 26. Rhd1 Be6 27. Re1 Re7 28. Bd3 Rd7 $2 (28... gxf3 29. gxf3 h4 30. gxh4 Rxh4) 29. c6 Rd5 $2 (29... bxc6 30. bxc6 Rd6 31. Ba6+ Kd8 32. Rxd6+ cxd6) 30. Bc3 bxc6 31. bxc6 Kd8 32. Bc4 Rxd2+ 33. Bxd2 Bxc4 {[#]} 34. Bg5+ $1 Rf6 35. Re5 Bf7 $2 (35... a5 36. Ke3 (36. Rxa5 Ke7 $16) (36. Bxf6+ Nxf6 37. Rxa5 Bd5 $14) 36... Bb3) 36. a5 a6 {[#]} 37. Ke3 $1 {[%cal Re3f4]} gxf3 38. gxf3 f4+ 39. gxf4 Bb3 40. Kd4 Bf7 41. Rf5 {[%mdl 64] Pin} Ke7 42. Ke5 {[%mdl 64] Pin} Bg6 43. Bxf6+ {[%mdl 4096] Endgame KRB-KBN} Kf7 44. Bg5+ (44. Bd8+ $142 Bxf5 45. Kxf5 Ke8 46. Bh4 Nh6+ 47. Ke6 Nf7 48. f5 Nd6 49. Bg3) 44... Ke8 45. Bh4 (45. Ke6 $142 Bxf5+ 46. Kxf5) 45... Bxf5 46. Kxf5 {White mates.} Nh6+ 47. Kg6 Nf7 48. Kxh5 Nd6 49. Kg6 Nc4 50. Be1 Nd6 {Accuracy: White = 69%, Black = 30%.} 1-0

[Event "13th Agzamov Memorial 2019"]
[Site "Tashkent"]
[Date "2019.03.15"]
[Round "5.3"]
[White "Grigoryan, Karen H."]
[Black "Sitnikov, Anton"]
[Result "1-0"]
[WhiteElo "2571"]
[BlackElo "2409"]
[Annotator "TA"]
[PlyCount "63"]
[EventDate "2019.03.12"]
[EventType "swiss"]
[EventCountry "UZB"]
[SourceTitle "playchess.com"]
[Source "ChessBase"]
[SourceQuality "1"]

{[%evp 9,63,48,60,58,89,40,58,54,50,49,77,50,48,53,35,37,39,47,42,42,58,11,34,32,50,34,33,35,34,34,16,0,0,0,0,0,2,0,73,65,81,6,66,0,29,0,176,100,471,479,675,684,858,835,1439,1333]} 1. Nf3 g6 2. e4 Bg7 3. d4 d6 4. Bc4 c6 5. Bb3 Nd7 6. O-O {B06: Modern Defence} e5 $146 ({Predecessor:} 6... e6 7. Nbd2 d5 8. Re1 Ne7 9. c3 b6 10. e5 Ba6 11. Nf1 Bxf1 12. Kxf1 c5 13. g3 {1-0 (95) Fressinet,L (2718)-Warakomski,T (2468) Germany 2011}) 7. Na3 {aiming for Nc4.} exd4 8. Nc4 {White is slightly better.} Nb6 9. Bg5 Ne7 10. Nxd4 Nxc4 11. Bxc4 h6 12. Bh4 g5 13. Bg3 O-O 14. c3 Ng6 15. f4 gxf4 16. Bxf4 Nxf4 17. Rxf4 Be5 18. Rf2 Qh4 19. Nf3 Qxe4 20. Qb3 Bf6 21. Nd4 Qe3 22. Nc2 Qc5 23. Nd4 Bg7 (23... Kg7 $1 $11 {remains equal.}) 24. Bxf7+ $16 Kh8 25. Rf4 (25. Raf1 $16) 25... Qg5 ({Black should play} 25... Be5 $11 26. Rf2 a5) 26. g3 ({Better is} 26. Raf1 $14) 26... d5 {Hoping for ...Qe7.} 27. Nf3 Qe7 $2 {[#]} (27... Qxf4 $1 $11 28. gxf4 Rxf7) 28. Re1 (28. Nh4 $1 $18 {[%cal Rh4g6] Strongly threatening Ng6+.} Qe3+ 29. Kh1) 28... Qc5+ $2 {[%mdl 8192] [#]} (28... Qd7 $16 {is a better chance.} 29. Be6 Qd6 30. Rxf8+ Qxf8 31. Bxc8 Rxc8) 29. Kg2 $1 $18 {White is clearly winning.} Bg4 (29... Qb5 $142 30. Qc2 d4) 30. Nh4 Rxf7 31. Rxf7 b5 32. Ree7 {Accuracy: White = 48%, Black = 42%.} 1-0

[Event "13th Agzamov Memorial 2019"]
[Site "Tashkent"]
[Date "2019.03.15"]
[Round "5.4"]
[White "Turaev, Hairilla"]
[Black "Fedorov, Alexei"]
[Result "0-1"]
[WhiteElo "2316"]
[BlackElo "2552"]
[Annotator "TA"]
[PlyCount "78"]
[EventDate "2019.03.12"]
[EventType "swiss"]
[EventCountry "UZB"]
[SourceTitle "playchess.com"]
[Source "ChessBase"]
[SourceQuality "1"]

{[%evp 21,78,17,36,9,30,0,0,2,27,0,10,0,11,-54,-45,-57,-50,-42,-25,-29,-48,-81,-42,-52,-39,-46,0,-32,-32,-33,45,-17,-18,-28,-30,-197,-178,-177,-130,-383,-382,-372,-289,-279,-278,-254,-253,-298,-294,-413,-402,-735,-564,-606,-607,-5497,-4057,-29988,-1767]} 1. e4 c5 2. Nf3 Nc6 3. d4 cxd4 4. Nxd4 Qb6 5. Nb3 Nf6 6. Nc3 e6 7. Be3 Qc7 8. a3 a6 9. Be2 d6 10. f4 b5 11. Bf3 Bb7 12. O-O {B33: Sicilian: Pelikan and Sveshnikov Variations} Be7 13. Qd2 O-O 14. Rad1 {The position is equal.} Rab8 (14... Rac8 15. g4 Rfe8 16. g5 Nd7 17. e5 d5 18. Qf2 {0-1 (63) Zhang,Y (2314)-Azarov,S (2602) Rockville 2015}) 15. Qf2 Ba8 16. Rfe1 $146 ({Predecessor:} 16. g4 Rfd8 17. g5 Nd7 18. Bg2 Re8 19. Kh1 {½-½ (19) Sommer,U (2082)-Schulze,U (2332) Senden 2010}) 16... a5 {[%cal Ba6a5,Ba5b4,Bb4b3][%mdl 32]} 17. Nd4 (17. Qe2 $11 a4 18. Nc1 (18. Nxb5 Qb7 $11)) 17... Nxd4 $1 $15 18. Bxd4 b4 {[#] White must now prevent ...e5.} 19. axb4 axb4 20. Na4 Nd7 21. Kh1 Rfc8 22. Ba7 Rb7 $36 {[%cal Bb8b7,Bb7b5,Bb5a5,Ba5c5][%mdl 2080] Black fights for an advantage.} 23. Be3 $1 Qb8 ({Avoid the trap} 23... Qxc2 $2 24. Rc1 $18) 24. Rd2 b3 25. c3 Rc6 ({Black should try} 25... Rb5 $15) 26. Qf1 (26. e5 $14 d5 27. Be2) 26... Rb5 $11 27. Rd4 Rc7 28. Be2 $2 (28. Ra1 $11 {and White is okay.}) 28... Ra5 $19 29. Rb4 Rb7 30. Ba6 $2 {[%mdl 8192]} (30. Rd4 $17) 30... Rxb4 31. cxb4 Qxb4 32. Nc3 Nc5 33. Bxc5 Rxc5 ({Don't play} 33... Qxc5 34. f5 $17) 34. Bd3 Bf6 35. Ra1 (35. e5 $142 dxe5 36. f5) 35... Bc6 36. Bb5 (36. Nd1 $142) 36... h6 ({Inferior is} 36... Rxb5 {[#]} 37. Qxb5 $1 {[%mdl 512]} Qxb5 38. Nxb5 $11) 37. Ra4 Bxb5 38. Ra8+ Kh7 39. Ra1 Bc6 {Accuracy: White = 22%, Black = 69%.} (39... Bxf1 $142 40. Rxf1 Bxc3 41. e5 Bd4 42. Rd1 Rc2 43. h3 Qb7 44. Rd2 Rxd2 45. exd6 Qxg2#) 0-1